000 00647nam a22001935i 4500
001 160252
003 ES-MaACL
005 20230906211958.0
008 040924s1866 it |||| | ita d
040 _aCAM
_bspa
_cCAM
100 1 _aMortillaro, Vincenzo.
_9130224
245 1 0 _aLeggende storiche siciliane dal XIII al XIX secolo /
_craccontate da Vincenzo Mortillaro, marchese di Villarena.
250 _a2ยช ed.
260 _aPalermo :
_b[s.n.],
_c1866 (
_fStamperia di Pietro Pensante)
300 _a524 p. ;
_c18 cm.
650 _aLeyendas-
_zSicilia.
_9136399
752 _aItalia -
_dPalermo
852 _aES-MaACL
_jG-9884
_z-- Enc. hol.
999 _c160252
_d160252